000
00380nam a2200145Ia 4500
008
100122s9999 xx 000 0 und d
082
_b
48025
_a
823.08
100
_a
मिरासदार द मा
245
_a
फुकट
260
_b
सुयोग प्रकाशन
_c
1993
300
_a
160
630
_a
फुकट
730
_a
फुकट
942
_c
BOOK
999
_c
426747
_d
426744